| 000 | 00746nam a2200229 a 4500 | ||
|---|---|---|---|
| 001 | 5354 | ||
| 003 | CDMR | ||
| 005 | 20131031123133.0 | ||
| 008 | 130130s1980||||||||||||||||||||||||||||d | ||
| 020 | _a0804007969 | ||
| 040 |
_aCDMR _bcat _cCDMR |
||
| 245 | 0 |
_aMurder Most Foul _b: and other great crime stories from the world press _cedited by Rob Warden and Martha Groves |
|
| 260 |
_aChicago _bShallow Press |
||
| 260 |
_aAthens, Ohio _c1980 _bOhio University Press |
||
| 300 | _a348 p. | ||
| 650 | 0 | 4 |
_94196 _aDelicte en els mitjans de comunicació de massa |
| 650 | 0 | 4 |
_9797 _aReportatges literaris |
| 650 | 0 | 4 |
_93430 _aPeriodistes _vRecull d'escrits |
| 700 | 1 |
_94245 _aWarden, Rob _eed. |
|
| 700 | 1 |
_94246 _aGroves, Martha _eed. |
|
| 942 |
_cMON _2udc |
||
| 999 |
_c5354 _d5354 |
||